000 00807nam a22002177a 4500
005 20251108172526.0
008 250721s9999 xx 000 0 ara d
082 1 4 _a344.041/داو
100 1 _aداود، محمد عبدالمقصود حسن
245 1 0 _aمدى مشروعية الإسشفاء بالدم البشري و أثر التصرف فيه في الفقهالإسلامي و القانون المدني /
264 1 _aالإسكندرية :
_bدار الجامعة الجديدة للنشر،
300 _a493ص.
490 0 _aالمكتبة القانونية
650 1 7 _aالدم
650 1 7 _aنقل الدم
650 1 7 _aالقانون المدني
650 1 7 _aالفقه الإسلامي
650 1 7 _aالقانونالجنائي
942 _2ddc
_cBK
999 _c81581
_d81581